Instituciones militares romanas

Gorde:
Xehetasun bibliografikoak
Egile nagusia: Marín y Peña, Manuel (autor)
Formatua: Liburua
Hizkuntza:gaztelania
Argitaratua: Madrid Consejo Superior de Investigaciones Científicas 1956
Saila:Enciclopedia Clásica, 2
Gaiak:
Etiketak: Etiketa erantsi
Etiketarik gabe, Izan zaitez lehena erregistro honi etiketa jartzen!

MARC

LEADER 00000nam a2200000 a 4500
001 UCP9398
003 CL-VaPUC
005 20220714074350.0
008 000324e19560000SP |||||||||||||||||spa|d
999 |c 286213  |d 286211 
040 |c Pontificia Universidad Católica de Valparaíso 
082 0 4 |a 937  |b MAR  |2 21 
100 |a Marín y Peña, Manuel  |e autor  |9 439937 
245 1 0 |a Instituciones militares romanas 
260 |a Madrid  |b Consejo Superior de Investigaciones Científicas  |c 1956 
300 |a 511 p 
490 0 |a Enciclopedia Clásica, 2 
583 |a last modification  |c 20121219 10:04:24  |k Rodrigo Vera 
600 0 7 |a POMPEYO  |2 CL-VaPUC  |9 387297 
600 0 7 |a Julio César  |d 100 A.C.-44 A.C.  |9 858621 
600 0 |a Augusto   |d 63 a.C.-14 d.C  |9 319472 
650 0 |a Historia antigua  |9 267521 
650 7 |a ROMA  |2 CL-VaPUC  |9 317375 
650 7 |a INSTITUCIONES MILITARES  |2 CL-VaPUC  |9 434610 
650 7 |a EJERCITO ROMANO  |2 CL-VaPUC  |9 439938 
650 0 |a Caballeros y caballería   |9 266046 
650 0 |a Guerras púnicas  |9 318990 
650 0 |a Acción política  |9 341245 
650 7 |a MARINA DE GUERRA  |2 CL-VaPUC  |9 323589 
852 |a BIBCUR 
942 |c BK  |2 ddc 
945 |d 20000324 00:00:00  |a rherrera 
952 |0 0  |1 0  |4 0  |6 937_000000000000000_MAR_1956  |7 0  |8 A  |9 331716  |a BIBHIS  |b BIBHIS  |d 2019-11-20  |i 1389424  |l 1  |o 937 MAR 1956  |p 1389424  |r 2025-01-20  |s 2023-10-12  |w 2019-11-20  |y BK  |k HIS